[Event "VII Open Vallee d'Aoste A"]
[Site "Saint Vincent - Chatillon ITA"]
[Date "1999.02.07"]
[Round "2"]
[White "Arlandi, Ennio"]
[Black "Glek, Igor V."]
[Result "1-0"]
[WhiteElo "2445"]
[BlackElo "2566"]
[PlyCount "81"]
[EventDate "1999.02.06"]

1. d4 Nf6 2. c4 g6 3. Nc3 Bg7 4. e4 d6 5. Nf3 O-O 6. Be2 Na6 7. O-O e5 8. Re1
c6 9. Bf1 Bg4 10. d5 Nb4 11. Be2 a5 12. Be3 Bd7 13. Nd2 Na6 14. a3 Ne8 15. Rb1
f5 16. exf5 gxf5 17. f4 Bh6 18. Rf1 Nf6 19. h3 Kh8 20. Rf2 Qe7 21. Nf1 Nc5 22.
Bd3 Nxd3 23. Qxd3 Ne4 24. Rf3 exf4 25. Bxf4 Bxf4 26. Rxf4 Qe5 27. Rf3 Nc5 28.
Qe3 Rae8 29. Qf4 Qxf4 30. Rxf4 cxd5 31. Nxd5 Re2 32. Ng3 Rd2 33. b4 axb4 34.
axb4 Nd3 35. Rd4 Rg8 36. Kh2 Rb2 37. Rxb2 Nxb2 38. Nf6 Rg7 39. Rxd6 Nxc4 40.
Rxd7 Rxd7 41. Nxd7 1-0

[Event "VII Open Vallee d'Aoste A"]
[Site "Saint Vincent - Chatillon ITA"]
[Date "1999.02.07"]
[Round "2"]
[White "Cebalo, Miso"]
[Black "Mantovani, Renzo"]
[Result "0-1"]
[WhiteElo "2511"]
[BlackElo "2377"]
[PlyCount "108"]
[EventDate "1999.02.06"]

1. d4 Nf6 2. Nf3 d6 3. c4 c6 4. Nc3 Bg4 5. e4 Nbd7 6. Be2 e5 7. Be3 Be7 8. O-O
O-O 9. Qc2 a6 10. Rfd1 Qb8 11. h3 Bxf3 12. Bxf3 b5 13. Be2 b4 14. Na4 exd4 15.
Rxd4 c5 16. Rd2 Qb7 17. f3 Rfe8 18. Rad1 Bf8 19. b3 Re6 20. Nb2 Ne5 21. Nd3
Nxd3 22. Bxd3 Rae8 23. Bg5 h6 24. Bh4 g5 25. Bf2 Qe7 26. Bf1 Nh5 27. g3 Bg7 28.
Bg2 Be5 29. Kh2 Qf6 30. Rd5 Ng7 31. R1d3 h5 32. Qd2 h4 33. Rxe5 hxg3+ 34. Bxg3
dxe5 35. Bf2 Rc6 36. Rd5 Ne6 37. Be3 Kg7 38. Qf2 Kg6 39. Qg3 Nf4 40. Bf1 a5 41.
Kg1 Rh8 42. Kf2 a4 43. Rxc5 Rxc5 44. Bxc5 axb3 45. axb3 Qd8 46. Qg4 f6 47. Qf5+
Kg7 48. Ke1 Qc7 49. Be3 Ra8 50. h4 Ra1+ 51. Kf2 gxh4 52. Qg4+ Kf8 53. Qxh4 Ra2+
54. Ke1 Re2+ 0-1

[Event "VII Open Vallee d'Aoste A"]
[Site "Saint Vincent - Chatillon ITA"]
[Date "1999.02.07"]
[Round "2"]
[White "Chatalbashev, Boris"]
[Black "Laketic, Gojko"]
[Result "1-0"]
[WhiteElo "2524"]
[BlackElo "2396"]
[PlyCount "45"]
[EventDate "1999.02.06"]

1. d4 d5 2. c4 c6 3. e3 Nf6 4. Nf3 e6 5. Bd3 Nbd7 6. O-O Bd6 7. Nc3 O-O 8. e4
dxc4 9. Bxc4 e5 10. h3 b5 11. Bb3 Bb7 12. Bg5 a6 13. Qe2 h6 14. Bh4 Re8 15.
Rad1 Qe7 16. dxe5 Nxe5 17. Nd4 Bc8 18. f4 Ng6 19. Bxf6 Qxf6 20. e5 Qh4 21. Qe4
Bxe5 22. Bxf7+ Kxf7 23. fxe5+ 1-0

[Event "VII Open Vallee d'Aoste A"]
[Site "Saint Vincent - Chatillon ITA"]
[Date "1999.02.07"]
[Round "2"]
[White "Chenaux, Patrick"]
[Black "Sulava, Nenad"]
[Result "0-1"]
[WhiteElo "2223"]
[BlackElo "2466"]
[PlyCount "78"]
[EventDate "1999.02.06"]

1. d4 e6 2. c4 Nf6 3. Nf3 Nc6 4. g3 d5 5. Bg2 dxc4 6. Qa4 Bb4+ 7. Bd2 Nd5 8.
Bxb4 Ndxb4 9. O-O Rb8 10. Nc3 a6 11. Ne5 O-O 12. Nxc6 Nxc6 13. Bxc6 bxc6 14.
Qxc6 Rb4 15. Rfd1 Bb7 16. Qc5 Rxb2 17. Rab1 Rb6 18. Qxc4 Rc6 19. Qd3 Ba8 20.
Qe3 Rd6 21. Rd3 Qd7 22. f3 Rd8 23. Ne4 Bxe4 24. Qxe4 f5 25. Qe3 Rxd4 26. Rbd1
c5 27. f4 Qd5 28. Kf2 Kf7 29. a3 Qe4 30. Qxe4 fxe4 31. Rxd4 cxd4 32. Rb1 Rd5
33. Rb4 Kf6 34. Ra4 a5 35. Rc4 g5 36. fxg5+ Kxg5 37. Rc7 h5 38. h4+ Kf6 39. Ke1
39... Rb5 $138 0-1

[Event "VII Open Vallee d'Aoste A"]
[Site "Saint Vincent - Chatillon ITA"]
[Date "1999.02.07"]
[Round "2"]
[White "De La Villa Garcia, Jesus Maria"]
[Black "Novikov, Igor A."]
[Result "1/2-1/2"]
[WhiteElo "2478"]
[BlackElo "2601"]
[PlyCount "51"]
[EventDate "1999.02.06"]

1. e4 c5 2. Nf3 d6 3. d4 cxd4 4. Nxd4 Nf6 5. Nc3 a6 6. Be3 e6 7. Qd2 b5 8. f3
Nbd7 9. g4 h6 10. O-O-O Bb7 11. Bd3 Ne5 12. Rhe1 b4 13. Na4 d5 14. exd5 Nxd5
15. f4 Qd7 16. b3 Nxg4 17. f5 e5 18. Bf4 Be7 19. Bxe5 Nxe5 20. Rxe5 O-O 21. Rg1
Bf6 22. Qxh6 Bxe5 23. f6 Bf4+ 24. Qxf4 Nxf4 25. Rxg7+ Kh8 26. Rh7+ 1/2-1/2

[Event "VII Open Vallee d'Aoste A"]
[Site "Saint Vincent - Chatillon ITA"]
[Date "1999.02.07"]
[Round "2"]
[White "Drasko, Milan"]
[Black "Tatai, Stefano"]
[Result "1-0"]
[WhiteElo "2505"]
[BlackElo "2359"]
[PlyCount "79"]
[EventDate "1999.02.06"]

1. d4 Nf6 2. c4 e6 3. Nc3 Bb4 4. Qc2 O-O 5. a3 Bxc3+ 6. Qxc3 Qe8 7. f3 d6 8. e4
e5 9. Be3 Nfd7 10. Ne2 c5 11. d5 Qe7 12. Ng3 g6 13. Bd3 f6 14. h4 Rf7 15. O-O-O
Nf8 16. Rdf1 Na6 17. Rf2 Nc7 18. b4 b6 19. bxc5 bxc5 20. h5 Ne8 21. f4 exf4 22.
Rxf4 Qe5 23. Qxe5 dxe5 24. hxg6 hxg6 25. Rfh4 Nh7 26. Bxc5 a5 27. Bb6 Ba6 28.
Kd2 Nd6 29. c5 Bxd3 30. Kxd3 Nc8 31. Bd8 Rb8 32. Bxa5 Rb3+ 33. Bc3 Rxa3 34. Rb1
Rc7 35. c6 Ng5 36. Rb8 Kg7 37. Kc2 Nd6 38. Bb4 Rxg3 39. Bxd6 Rxg2+ 40. Kb3 1-0

[Event "VII Open Vallee d'Aoste A"]
[Site "Saint Vincent - Chatillon ITA"]
[Date "1999.02.07"]
[Round "2"]
[White "Drazic, Sinisa"]
[Black "Luciani, Valerio"]
[Result "1-0"]
[WhiteElo "2478"]
[BlackElo "2238"]
[PlyCount "83"]
[EventDate "1999.02.06"]

1. Nf3 d6 2. e4 Nf6 3. c3 c6 4. d3 Bg4 5. Nbd2 e6 6. h3 Bxf3 7. Qxf3 Be7 8. g4
d5 9. Bg2 dxe4 10. Nxe4 Nxe4 11. Qxe4 Qd5 12. g5 Nd7 13. d4 Qxe4+ 14. Bxe4 e5
15. dxe5 Nxe5 16. f4 Nd7 17. Bd2 Nc5 18. Bc2 O-O-O 19. Be3 b6 20. Ke2 Kc7 21.
h4 Nd7 22. Rad1 Bc5 23. Bc1 h6 24. Kf3 hxg5 25. hxg5 Bd6 26. Bb3 f6 27. g6 Nc5
28. Bc2 Be7 29. Rh7 Rxh7 30. gxh7 Rh8 31. Bf5 Bd6 32. Rg1 Bf8 33. Kg4 Nb7 34.
Kh5 Nd6 35. Bc2 c5 36. Kg6 Kd7 37. Rd1 Ke7 38. Bb3 c4 39. Bc2 Ke6 40. f5+ Ke7
41. Re1+ Kd7 42. Bf4 1-0

[Event "VII Open Vallee d'Aoste A"]
[Site "Saint Vincent - Chatillon ITA"]
[Date "1999.02.07"]
[Round "2"]
[White "Efimov, Igor"]
[Black "Pulito, Alberto"]
[Result "1-0"]
[WhiteElo "2494"]
[BlackElo "2057"]
[PlyCount "79"]
[EventDate "1999.02.06"]

1. d4 Nf6 2. c4 g6 3. Nc3 Bg7 4. e4 d6 5. f4 c5 6. d5 O-O 7. Nf3 e6 8. Be2 a6
9. a4 Qc7 10. O-O Kh8 11. Kh1 Re8 12. e5 Ng4 13. dxe6 Bxe6 14. exd6 Qd8 15. Ra3
Nf6 16. Rb3 Qc8 17. Ng5 Nc6 18. Nd5 Bxd5 19. cxd5 Nd4 20. Nxf7+ Kg8 21. Ne5
Nxb3 22. Qxb3 c4 23. Bxc4 Nd7 24. Nc6 Kh8 25. Na5 Rb8 26. Bd2 Nc5 27. Qa3 Ne4
28. Bb4 Qd7 29. Bd3 Nf6 30. Nc4 Nxd5 31. Bd2 b5 32. axb5 axb5 33. Ne5 Bxe5 34.
fxe5 Rf8 35. Re1 Rf2 36. e6 Qd8 37. Bc3+ Nxc3 38. Qxc3+ Kg8 39. Qd4 Rf6 40. e7
1-0

[Event "VII Open Vallee d'Aoste A"]
[Site "Saint Vincent - Chatillon ITA"]
[Date "1999.02.07"]
[Round "2"]
[White "Hickl, Joerg"]
[Black "Franco Ocampos, Zenon"]
[Result "1/2-1/2"]
[WhiteElo "2575"]
[BlackElo "2463"]
[PlyCount "82"]
[EventDate "1999.02.06"]

1. g3 e5 2. Bg2 Nf6 3. d3 d5 4. Nf3 Nc6 5. O-O Be7 6. c3 a5 7. Qc2 O-O 8. Nbd2
h6 9. b3 Be6 10. Bb2 Qd7 11. a3 Bh3 12. b4 Bxg2 13. Kxg2 Qe6 14. b5 e4 15. bxc6
exf3+ 16. Nxf3 Qxc6 17. a4 Rfe8 18. e3 Nd7 19. Rfe1 Red8 20. Ba3 Bxa3 21. Rxa3
Nc5 22. d4 Na6 23. Rb1 b6 24. Ne5 Qd6 25. Rab3 Re8 26. Qf5 Re7 27. Rb5 Rd8 28.
Nd3 Qc6 29. Nf4 Red7 30. Qd3 Nb8 31. f3 Rd6 32. e4 dxe4 33. fxe4 Nd7 34. Qf3
Nf8 35. Re1 Qc4 36. e5 R6d7 37. d5 Re7 38. Rb2 Qxa4 39. Re4 Qa3 40. Rbe2 Qb3
41. R2e3 Qa2+ 1/2-1/2

[Event "VII Open Vallee d'Aoste A"]
[Site "Saint Vincent - Chatillon ITA"]
[Date "1999.02.07"]
[Round "2"]
[White "Manca, Federico"]
[Black "Davies, Nigel R."]
[Result "0-1"]
[WhiteElo "2393"]
[BlackElo "2515"]
[PlyCount "60"]
[EventDate "1999.02.06"]

1. e4 g6 2. d4 Bg7 3. Nc3 d6 4. Be3 a6 5. a4 b6 6. Qd2 Bb7 7. h4 Nf6 8. f3 c5
9. d5 Qc7 10. g4 h5 11. g5 Nfd7 12. f4 O-O 13. Nge2 b5 14. axb5 Nb6 15. Ng3 e6
16. dxe6 fxe6 17. Bh3 Qe7 18. Qe2 d5 19. Nxh5 gxh5 20. Qxh5 N8d7 21. e5 Rf5 22.
Bxf5 exf5 23. g6 d4 24. Qh7+ Kf8 25. Rg1 dxc3 26. Rg5 Be4 27. bxc3 Nc4 28. Rxa6
Rxa6 29. bxa6 Nxe3 30. h5 Nxe5 0-1

[Event "VII Open Vallee d'Aoste A"]
[Site "Saint Vincent - Chatillon ITA"]
[Date "1999.02.07"]
[Round "2"]
[White "Martorelli, Antonio"]
[Black "Ortega, Lexy"]
[Result "0-1"]
[WhiteElo "2346"]
[BlackElo "2485"]
[PlyCount "58"]
[EventDate "1999.02.06"]

1. e4 c5 2. Nf3 d6 3. d4 cxd4 4. Nxd4 Nf6 5. Nc3 a6 6. Bg5 e6 7. Qf3 h6 8. Bh4
Nbd7 9. O-O-O Qc7 10. Qh3 Be7 11. f4 b5 12. Bd3 b4 13. Na4 Nc5 14. Nxc5 dxc5
15. e5 Nd5 16. Bxe7 Nxe7 17. Ne2 c4 18. Be4 Rb8 19. Qe3 Bb7 20. Ng3 b3 21. Kb1
bxa2+ 22. Kxa2 O-O 23. Qa3 Nd5 24. Rd4 Rfd8 25. Bxd5 Bxd5 26. Qc3 Rb5 27. Kb1
Rdb8 28. Kc1 Rxb2 29. Kd2 R8b3 0-1

[Event "VII Open Vallee d'Aoste A"]
[Site "Saint Vincent - Chatillon ITA"]
[Date "1999.02.07"]
[Round "2"]
[White "Sarno, Spartaco"]
[Black "Naumkin, Igor"]
[Result "1-0"]
[WhiteElo "2358"]
[BlackElo "2493"]
[PlyCount "67"]
[EventDate "1999.02.06"]

1. Nf3 Nf6 2. c4 e6 3. g3 b6 4. Bg2 Bb7 5. O-O Be7 6. Nc3 O-O 7. Re1 d5 8. cxd5
exd5 9. d4 Na6 10. Bf4 c5 11. Qa4 Ne4 12. Rad1 Qc8 13. Ne5 Rd8 14. Nxe4 dxe4
15. d5 Bxd5 16. Rxd5 Rxd5 17. Qxe4 Nb4 18. a3 Qe6 19. axb4 Rad8 20. h4 cxb4 21.
Nd3 Qxe4 22. Bxe4 Rd4 23. Bf3 Rc4 24. Ne5 Rc2 25. Nc6 Re8 26. Rd1 Bf6 27. Nxb4
Rxb2 28. Nd5 Bd8 29. Rc1 f6 30. Rc8 Kf7 31. Ne3 a5 32. Nf5 Rf8 33. Bd5+ Kg6 34.
Rxd8 1-0

[Event "VII Open Vallee d'Aoste A"]
[Site "Saint Vincent - Chatillon ITA"]
[Date "1999.02.07"]
[Round "2"]
[White "Sedina, Elena"]
[Black "Lugovoi, Aleksei"]
[Result "1-0"]
[WhiteElo "2374"]
[BlackElo "2510"]
[PlyCount "53"]
[EventDate "1999.02.06"]

1. e4 d6 2. d4 Nf6 3. Nc3 g6 4. Be3 Bg7 5. f3 c6 6. Qd2 b5 7. Nge2 Nbd7 8. Bh6
Bxh6 9. Qxh6 Qa5 10. Qd2 Ba6 11. a3 O-O 12. h4 e5 13. h5 Rad8 14. g4 Rfe8 15.
hxg6 fxg6 16. O-O-O b4 17. Nb1 c5 18. Ng3 Bxf1 19. Rdxf1 Nb6 20. g5 Nfd7 21.
Rxh7 Nf8 22. Rh6 Qb5 23. f4 exd4 24. f5 Rxe4 25. Rfh1 Re3 26. fxg6 Rxg3 27. Qf4
1-0

[Event "VII Open Vallee d'Aoste A"]
[Site "Saint Vincent - Chatillon ITA"]
[Date "1999.02.07"]
[Round "2"]
[White "Tomescu, Vlad"]
[Black "Loginov, Valery A."]
[Result "1/2-1/2"]
[WhiteElo "2436"]
[BlackElo "2532"]
[PlyCount "104"]
[EventDate "1999.02.06"]

1. e4 c5 2. Nf3 e6 3. d4 cxd4 4. Nxd4 Nc6 5. Nc3 a6 6. g3 d6 7. Bg2 Bd7 8. O-O
Be7 9. a4 Nf6 10. Nb3 O-O 11. f4 Rc8 12. Be3 b6 13. g4 Be8 14. Qe2 Nb4 15. Rad1
Nd7 16. Rd4 a5 17. Rd2 Nc5 18. Nxc5 bxc5 19. Nb5 Bxb5 20. Qxb5 Rb8 21. Qe2 Qe8
22. c3 Nc6 23. g5 g6 24. h4 Nd8 25. f5 exf5 26. exf5 gxf5 27. Qc4 Qd7 28. Qxc5
Rxb2 29. Qxf5 Qxf5 30. Rxf5 Rb1+ 31. Kh2 Ne6 32. Rdf2 Re1 33. Bb6 Re5 34. Bxa5
Nc5 35. Rxe5 dxe5 36. Bb4 e4 37. Re2 f5 38. gxf6 Rxf6 39. Bxe4 Bd6+ 40. Kh3
Nxa4 41. Rg2+ Kf8 42. Bxh7 Nxc3 43. Bxd6+ Rxd6 44. h5 Nd5 45. Kh4 Nf4 46. Rf2
Rf6 47. Ra2 Kg7 48. Be4 Ne6 49. Bg6 Rxg6 50. hxg6 Kxg6 51. Ra6 Kf6 52. Rb6 Ke5
1/2-1/2

[Event "VII Open Vallee d'Aoste A"]
[Site "Saint Vincent - Chatillon ITA"]
[Date "1999.02.07"]
[Round "2"]
[White "Vallejo Pons, Francisco"]
[Black "Guido, Flavio"]
[Result "1-0"]
[WhiteElo "2494"]
[BlackElo "2356"]
[PlyCount "117"]
[EventDate "1999.02.06"]

1. e4 c5 2. Nf3 e6 3. d4 cxd4 4. Nxd4 Nf6 5. Nc3 d6 6. g4 Nc6 7. g5 Nd7 8. Be3
Be7 9. h4 O-O 10. Qh5 Nxd4 11. Bxd4 a6 12. O-O-O b5 13. f4 b4 14. Ne2 e5 15.
fxe5 dxe5 16. Be3 Qa5 17. Kb1 Nc5 18. Nc1 Be6 19. Qf3 Rad8 20. Rxd8 Rxd8 21. h5
Nxe4 22. Qxe4 Bd5 23. Qh4 Bxh1 24. Qxh1 Bc5 25. Bxc5 Qxc5 26. Bxa6 Qe3 27. g6
f5 28. Qh4 Qd4 29. Qg5 Rf8 30. h6 e4 31. b3 f4 32. hxg7 Qxg7 33. Qd5+ Kh8 34.
Qxe4 f3 35. gxh7 f2 36. Bf1 Qxh7 37. Qxb4 Qg7 38. Qh4+ Qh7 39. Qd4+ Qg7 40.
Qxg7+ Kxg7 41. Nd3 Re8 42. Kb2 Re1 43. Bh3 f1=Q 44. Bxf1 Rxf1 45. a4 Kf6 46. b4
Ke6 47. c4 Kd6 48. a5 Rd1 49. Kc3 Ra1 50. Kd4 Ra2 51. Nc5 Rd2+ 52. Kc3 Ra2 53.
Nb3 Ra3 54. b5 Ra4 55. a6 Kc7 56. c5 Kb8 57. Nd4 Ka7 58. Nc6+ Ka8 59. Nb4 1-0

[Event "VII Open Vallee d'Aoste A"]
[Site "Saint Vincent - Chatillon ITA"]
[Date "1999.02.07"]
[Round "2"]
[White "Ventura, Boris"]
[Black "Godena, Michele"]
[Result "0-1"]
[WhiteElo "2115"]
[BlackElo "2552"]
[PlyCount "78"]
[EventDate "1999.02.06"]

1. e4 c5 2. Nf3 Nc6 3. d4 cxd4 4. Nxd4 e5 5. Nb5 d6 6. N1c3 a6 7. Na3 b5 8. Nd5
Nf6 9. Bg5 Be7 10. Bxf6 Bxf6 11. c3 Bb7 12. Bd3 Bg5 13. Qg4 O-O 14. Rd1 Bh6 15.
Bc2 Rc8 16. O-O Kh8 17. Rd3 b4 18. Nxb4 Nxb4 19. cxb4 d5 20. exd5 f5 21. Qe2 e4
22. Rd4 Bg5 23. Bb3 Qb6 24. Rfd1 Bf6 25. Rc4 Rcd8 26. Rc2 Qxb4 27. Qc4 Qe7 28.
Qc7 Rd7 29. Qb6 Rfd8 30. Nb1 h6 31. Nc3 Be5 32. g3 Kh7 33. Qe3 Bd6 34. Ne2 Qf6
35. Qd4 Be5 36. Qd2 Bxd5 37. Bxd5 Rxd5 38. Qxd5 Rxd5 39. Rxd5 39... Bxb2 $138
0-1

[Event "VII Open Vallee d'Aoste A"]
[Site "Saint Vincent - Chatillon ITA"]
[Date "1999.02.07"]
[Round "2"]
[White "Vera Gonzalez-Quevedo, Reynaldo"]
[Black "Belotti, Bruno"]
[Result "1-0"]
[WhiteElo "2547"]
[BlackElo "2441"]
[PlyCount "63"]
[EventDate "1999.02.06"]

1. d4 Nf6 2. c4 c5 3. d5 b5 4. cxb5 a6 5. b6 d6 6. Nc3 Qxb6 7. Nf3 g6 8. Nd2
Nbd7 9. e4 Qc7 10. Be2 Bg7 11. O-O O-O 12. a4 Rb8 13. a5 Ne8 14. Nc4 Qa7 15.
Bg5 f6 16. Be3 Nc7 17. Na4 f5 18. exf5 Rxf5 19. Bg4 Rxd5 20. Be6+ Nxe6 21. Qxd5
Nf6 22. Qd1 Rb4 23. Nab6 Qb7 24. Bd2 Rb5 25. Re1 d5 26. Nxc8 Qxc8 27. Nb6 Qc6
28. Rc1 Ne4 29. Bc3 d4 30. Bd2 Rxb2 31. Nc4 Rb5 32. Qf3 1-0

[Event "VII Open Vallee d'Aoste A"]
[Site "Saint Vincent - Chatillon ITA"]
[Date "1999.02.07"]
[Round "2"]
[White "Zelcic, Robert"]
[Black "Malano, Francesco"]
[Result "1-0"]
[WhiteElo "2554"]
[BlackElo "2045"]
[PlyCount "49"]
[EventDate "1999.02.06"]

1. e4 c5 2. Nf3 Nc6 3. Nc3 g6 4. Bc4 Bg7 5. O-O Nf6 6. e5 Ng4 7. Bxf7+ Kxf7 8.
Ng5+ Kg8 9. Qxg4 Nxe5 10. Qe4 h6 11. Qd5+ e6 12. Nxe6 Qe7 13. Nc7+ Kh7 14. Nxa8
d6 15. Nb5 Be6 16. Qxd6 Qxd6 17. Nxd6 Rxa8 18. d3 Bd5 19. Be3 b6 20. h3 Nc6 21.
c3 a5 22. Nb5 Rd8 23. b3 Be6 24. d4 cxd4 25. Nxd4 1-0

[Event "VII Open Vallee d'Aoste A"]
[Site "Saint Vincent - Chatillon ITA"]
[Date "1999.02.08"]
[Round "3"]
[White "Bellia, Fabrizio"]
[Black "Hickl, Joerg"]
[Result "0-1"]
[WhiteElo "2340"]
[BlackElo "2575"]
[PlyCount "68"]
[EventDate "1999.02.06"]

1. e4 g6 2. d4 d6 3. Nf3 Bg7 4. Be2 Nf6 5. Nc3 O-O 6. O-O c5 7. d5 Na6 8. h3
Nc7 9. a4 b6 10. Re1 Bb7 11. Bf4 a6 12. Nd2 Rb8 13. Bf3 b5 14. axb5 axb5 15.
Nb3 Nd7 16. Qd2 b4 17. Nd1 Ne5 18. Be2 e6 19. Na5 Ba8 20. c4 bxc3 21. Nxc3 Rb4
22. Be3 exd5 23. exd5 Re8 24. b3 Qb8 25. Bc4 Nxc4 26. bxc4 Rb2 27. Qd3 Qb4 28.
Rec1 Qb8 29. Bf4 Bd4 30. Bxd6 Rxf2 31. Kh1 Re3 32. Qd1 Qd8 33. Bxc7 Qxc7 34.
Qg1 34... Qf4 $138 0-1

[Event "VII Open Vallee d'Aoste A"]
[Site "Saint Vincent - Chatillon ITA"]
[Date "1999.02.08"]
[Round "3"]
[White "Belotti, Bruno"]
[Black "Lacrosse, Marc"]
[Result "1-0"]
[WhiteElo "2441"]
[BlackElo "2175"]
[PlyCount "43"]
[EventDate "1999.02.06"]

1. e4 e5 2. f4 Nc6 3. Nc3 Bc5 4. Nf3 d6 5. Bb5 Nge7 6. Na4 a6 7. Bxc6+ Nxc6 8.
Nxc5 dxc5 9. d3 Bg4 10. h3 Bxf3 11. Qxf3 Qd4 12. c3 Qd7 13. O-O O-O-O 14. Be3
Qxd3 15. Rad1 Qc4 16. Rd5 exf4 17. Bxf4 Ne7 18. b3 Qb5 19. Qg4+ Kb8 20. Rxd8+
Rxd8 21. Qxg7 Qe8 22. Bg3 1-0

[Event "VII Open Vallee d'Aoste A"]
[Site "Saint Vincent - Chatillon ITA"]
[Date "1999.02.08"]
[Round "3"]
[White "Ciuffoletti, Paolo"]
[Black "Martorelli, Antonio"]
[Result "1-0"]
[WhiteElo "2163"]
[BlackElo "2346"]
[PlyCount "75"]
[EventDate "1999.02.06"]

1. e4 c5 2. d4 cxd4 3. c3 Nf6 4. e5 Nd5 5. Qxd4 e6 6. Bc4 Nc6 7. Qe4 d6 8. Nf3
dxe5 9. Nxe5 Bd6 10. Nxc6 bxc6 11. O-O O-O 12. Na3 f5 13. Qd3 Qh4 14. f4 Bb7
15. Nc2 e5 16. Bxd5+ cxd5 17. fxe5 Bxe5 18. g3 Qh3 19. Qf3 Rf7 20. Nd4 Ba6 21.
Re1 f4 22. Bxf4 Bxf4 23. gxf4 Qxf3 24. Nxf3 Rxf4 25. Re3 Rg4+ 26. Kf2 Rb8 27.
b3 Rf8 28. Rd1 Rgf4 29. Rd4 Rxd4 30. cxd4 Rf6 31. Re8+ Rf8 32. Re7 Bd3 33. Ke3
Be4 34. Nd2 Bg6 35. Rd7 Rc8 36. Kf4 Rc2 37. Nf3 Rf2 38. Ke3 $139 1-0

[Event "VII Open Vallee d'Aoste A"]
[Site "Saint Vincent - Chatillon ITA"]
[Date "1999.02.08"]
[Round "3"]
[White "Davies, Nigel R."]
[Black "Drazic, Sinisa"]
[Result "0-1"]
[WhiteElo "2515"]
[BlackElo "2478"]
[PlyCount "110"]
[EventDate "1999.02.06"]

1. d4 d5 2. c4 e6 3. Nf3 Nf6 4. g3 Be7 5. Bg2 O-O 6. Qc2 c5 7. O-O Nc6 8. dxc5
d4 9. Bf4 Nd7 10. Na3 e5 11. Bd2 Nxc5 12. b4 e4 13. bxc5 exf3 14. Bxf3 Bxc5 15.
Qb3 d3 16. e3 Ne5 17. Bg2 Bxa3 18. Qxa3 Nxc4 19. Qb4 Be6 20. Bc3 Rc8 21. Rfd1
b6 22. Be4 d2 23. Bxd2 a5 24. Qc3 Nd6 25. Qd3 Nxe4 26. Qxe4 Rc4 27. Qe5 Qc8 28.
Rac1 Re8 29. Qb2 Bg4 30. Qb5 Ree4 31. Rxc4 Rxc4 32. Rb1 Bf5 33. e4 Bxe4 34. Re1
h6 35. Qe5 Qc6 36. h3 Kh7 37. Kh2 Bg6 38. Be3 Re4 39. Qb2 Rb4 40. Qe5 f6 41.
Qa1 b5 42. Bd4 Rc4 43. a3 h5 44. h4 Qd6 45. Rd1 Ra4 46. Bb2 Qe6 47. Re1 Qf5 48.
Kg1 Rc4 49. Bd4 Bf7 50. Bb6 Bd5 51. Qd1 Bf3 52. Qb1 Be4 53. Qd1 b4 54. axb4
Rxb4 55. Bxa5 Qxa5 0-1

[Event "VII Open Vallee d'Aoste A"]
[Site "Saint Vincent - Chatillon ITA"]
[Date "1999.02.08"]
[Round "3"]
[White "Franco Ocampos, Zenon"]
[Black "Zelcic, Robert"]
[Result "1-0"]
[WhiteElo "2463"]
[BlackElo "2554"]
[PlyCount "109"]
[EventDate "1999.02.06"]

1. d4 Nf6 2. Nf3 e6 3. e3 c5 4. c4 cxd4 5. exd4 Bb4+ 6. Nbd2 O-O 7. a3 Be7 8.
Bd3 b6 9. b3 Bb7 10. Bb2 d5 11. O-O Nc6 12. Qe2 Bd6 13. Ne5 dxc4 14. bxc4 Bxe5
15. dxe5 Nd7 16. Nf3 Nc5 17. Bc2 Qe7 18. Rad1 Rfd8 19. Rd6 Na5 20. Rfd1 Bxf3
21. gxf3 Nab7 22. R6d4 Rxd4 23. Rxd4 h5 24. f4 g6 25. Bc3 Rd8 26. Qd2 Rxd4 27.
Qxd4 Qh4 28. Qe3 Qd8 29. Qg3 Qd7 30. Qg5 Nd8 31. Qh6 Qe8 32. f5 exf5 33. e6 f6
34. Bxf6 Ndxe6 35. Be5 Qe7 36. Qxg6+ Ng7 37. Bxg7 Qxg7 38. Bxf5 Nb3 39. Kg2 Nd4
40. Qxg7+ Kxg7 41. Be4 Ne6 42. Kg3 Kf6 43. Kh4 Nf4 44. f3 a6 45. Bb1 a5 46. Bc2
Ke5 47. Kg5 Ng2 48. h4 Ne3 49. f4+ Kd4 50. Bg6 Kxc4 51. Bxh5 Kd5 52. Bf7+ Kd6
53. h5 Ke7 54. Bb3 a4 55. Bxa4 1-0

[Event "VII Open Vallee d'Aoste A"]
[Site "Saint Vincent - Chatillon ITA"]
[Date "1999.02.08"]
[Round "3"]
[White "Glek, Igor V."]
[Black "Chenaux, Patrick"]
[Result "1-0"]
[WhiteElo "2566"]
[BlackElo "2223"]
[PlyCount "83"]
[EventDate "1999.02.06"]

1. e4 e6 2. d4 d5 3. Nc3 Bb4 4. exd5 exd5 5. Bd3 Nc6 6. a3 Bxc3+ 7. bxc3 Nge7
8. Qh5 Be6 9. Rb1 b6 10. Nf3 Qd7 11. Ng5 O-O-O 12. Nxe6 Qxe6+ 13. Be3 g6 14.
Qf3 Nf5 15. O-O Nxe3 16. Rfe1 Qd6 17. fxe3 f5 18. c4 dxc4 19. Bxc4 Kb8 20. Bb5
Na5 21. c4 Rhf8 22. Red1 Qf6 23. Qf2 Qe6 24. c5 Qe4 25. Bd3 Qe6 26. a4 Rfe8 27.
Re1 Qd5 28. Rb5 Qe6 29. Qb2 Nc4 30. Bxc4 Qxc4 31. cxb6 cxb6 32. a5 f4 33. axb6
a6 34. Rc5 Qd3 35. b7 Rxe3 36. Rc8+ Rxc8 37. bxc8=Q+ Kxc8 38. Rc1+ Kd7 39. Qb7+
Ke6 40. Rc6+ Kf5 41. Qd7+ Kg5 42. Qd8+ 1-0

[Event "VII Open Vallee d'Aoste A"]
[Site "Saint Vincent - Chatillon ITA"]
[Date "1999.02.08"]
[Round "3"]
[White "Godena, Michele"]
[Black "Valenti, Giuseppe"]
[Result "1-0"]
[WhiteElo "2552"]
[BlackElo "2200"]
[PlyCount "53"]
[EventDate "1999.02.06"]

1. e4 c5 2. Nf3 e6 3. c3 Nc6 4. d4 d5 5. exd5 Qxd5 6. Na3 a6 7. Nc4 Qd8 8. Be3
cxd4 9. Nxd4 Bd7 10. Qb3 b5 11. Nxc6 Bxc6 12. Ne5 Qc7 13. Nxc6 Qxc6 14. a4 Rb8
15. axb5 axb5 16. Ra5 b4 17. Be2 Bd6 18. O-O Ne7 19. Bf3 Qd7 20. Ra7 Qb5 21. c4
Qe5 22. Qa4+ Kf8 23. g3 Nc8 24. Rd7 g5 25. Rd1 Nb6 26. Bxb6 Rxb6 27. Qa7 1-0

[Event "VII Open Vallee d'Aoste A"]
[Site "Saint Vincent - Chatillon ITA"]
[Date "1999.02.08"]
[Round "3"]
[White "Lampic, Teo"]
[Black "Cebalo, Miso"]
[Result "1/2-1/2"]
[WhiteElo "2303"]
[BlackElo "2511"]
[PlyCount "122"]
[EventDate "1999.02.06"]

1. e4 c5 2. c3 d5 3. d3 Nc6 4. b3 e5 5. g3 Nf6 6. f3 Be7 7. Nh3 O-O 8. Nf2 Be6
9. Be2 b5 10. f4 dxe4 11. dxe4 a6 12. f5 Bc8 13. g4 Nd7 14. h4 Bxh4 15. Qd3 Bg5
16. Nd2 Bb7 17. Qh3 h6 18. Nf3 Bxc1 19. Rxc1 f6 20. Rd1 Rf7 21. g5 fxg5 22. f6
Qxf6 23. Rxd7 Raf8 24. Rxf7 Rxf7 25. Nd3 Qe7 26. Nd2 Nd8 27. Bg4 Rf6 28. Qg3
Nf7 29. Qe3 Rc6 30. O-O g6 31. Qf2 h5 32. Qxf7+ Qxf7 33. Rxf7 Kxf7 34. Nxe5+
Kf6 35. Nxc6 Bxc6 36. Bc8 a5 37. Kf2 g4 38. Ke3 g5 39. a3 g3 40. Kf3 h4 41. Bh3
Be8 42. Bg4 Bf7 43. Kg2 Ke5 44. b4 cxb4 45. cxb4 axb4 46. axb4 Be8 47. Kf3 Kd4
48. Ke2 Bg6 49. e5 Bd3+ 50. Kf3 Kxe5 51. Ke3 Bc4 52. Nf3+ Kf6 53. Nd4 Bf1 54.
Kf3 Ke5 55. Ne6 Kd5 56. Nxg5 Kc4 57. Ne4 Kxb4 58. Bd7 g2 59. Kf2 Kc4 60. Nd2+
Kb4 61. Nxf1 gxf1=Q+ 1/2-1/2

[Event "VII Open Vallee d'Aoste A"]
[Site "Saint Vincent - Chatillon ITA"]
[Date "1999.02.08"]
[Round "3"]
[White "Luciani, Valerio"]
[Black "Efimov, Igor"]
[Result "0-1"]
[WhiteElo "2238"]
[BlackElo "2494"]
[PlyCount "84"]
[EventDate "1999.02.06"]

1. e4 c5 2. Nc3 a6 3. a4 e6 4. g3 Nc6 5. Bg2 Nf6 6. Nge2 d6 7. d3 Be7 8. O-O
O-O 9. f4 Rb8 10. h3 d5 11. e5 Nd7 12. Kh2 b5 13. axb5 axb5 14. Re1 b4 15. Nb1
Nb6 16. Nd2 Qc7 17. Nf3 d4 18. Bd2 Nd5 19. Neg1 b3 20. c3 dxc3 21. bxc3 Rd8 22.
Rb1 Ba6 23. Bf1 c4 24. d4 Na7 25. Ng5 Bxg5 26. fxg5 Nb5 27. Qc1 Bb7 28. h4 Nb6
29. Bg2 Bxg2 30. Kxg2 Ra8 31. Kh3 Ra2 32. Rb2 Rda8 33. Ne2 Rxb2 34. Qxb2 Ra2
35. Qc1 Qb7 36. Nf4 Nd5 37. Nh5 Rc2 38. Qd1 Ndxc3 39. Qg4 Rxd2 40. Nf6+ Kf8 41.
d5 Nxd5 42. Qxc4 gxf6 0-1